[Event "FRA-chT"]
[Site "FRA"]
[Date "1991.??.??"]
[Round "?"]
[White "Villeneuve, Alain"]
[Black "Gachon, Lionel"]
[Result "1-0"]
[WhiteElo "2345"]
[BlackElo "2280"]

1.d4 Nf6 2.Nf3 g6 3.c4 Bg7 4.Nc3 O-O 5.e4 d6 6.Be2 e5 7.O-O Nc6 8.Be3 Ng4
9.Bg5 f6 10.Bc1 exd4 11.Nxd4 Nxd4 12.Qxd4 f5 13.Qd5+ Kh8 14.Bxg4 fxg4 15.Be3 Be5
16.Rad1 Qh4 17.g3 Qf6 18.Qd2 Be6 19.Bg5 Qf3 20.Nd5 Bxd5 21.exd5 Qe4 22.b3 Rf3
23.Be3 Raf8 24.Qd3 Qxd3 25.Rxd3 h5 26.Rd2 Kg7 27.Rc1 b6 28.b4 h4 29.gxh4 Kh7
30.c5 R8f7 31.cxb6 cxb6 32.Rc8 Kg7 33.Rdc2 Kf6 34.R8c7 Kg7 35.R2c4 Rxc7 36.Rxc7+ Rf7
37.Rc4 Rf5 38.Rxg4 Bf6 39.Rc4 Bxh4 40.Rxh4  1-0

[Event "FRA-chT"]
[Site "FRA"]
[Date "1991.??.??"]
[Round "?"]
[White "Herb, Pascal"]
[Black "Etchegaray, Patrice"]
[Result "1-0"]
[WhiteElo "2395"]
[BlackElo "2270"]

1.d4 Nf6 2.c4 g6 3.Nc3 Bg7 4.e4 d6 5.Nf3 O-O 6.Be2 e5 7.O-O Nc6 8.d5 Ne7
9.Re1 Ne8 10.b4 f5 11.c5 Nf6 12.cxd6 cxd6 13.Bf1 h6 14.Nd2 f4 15.Bb2 g5 16.Rc1 Ng6
17.Nb5 Rf7 18.Qc2 Ne8 19.Nxa7 Rc7 20.Nc6 bxc6 21.dxc6 Kh8 22.a4 Be6 23.b5 Ne7
24.Bc4 Bxc4 25.Qxc4 Rac8 26.Qe6 Ra7 27.Ra1 Nxc6 28.bxc6 Rxc6 29.Red1 Rca6
30.Nc4 Nc7 31.Qf5 Qf8 32.Qxf8+ Bxf8 33.a5 Rc6 34.Nxd6 Bxd6 35.Rxd6 Rc5 36.Rxh6+ Kg7
37.Rb6 Kf7 38.a6  1-0

[Event "FRA-chT"]
[Site "FRA"]
[Date "1991.??.??"]
[Round "?"]
[White "Neidhardt, Claus Ulrich"]
[Black "Murrey, Jacob"]
[Result "0-1"]
[WhiteElo "2325"]
[BlackElo "2440"]

1.d4 Nf6 2.c4 g6 3.Nc3 Bg7 4.e4 d6 5.Nf3 O-O 6.Be2 e5 7.O-O Nc6 8.Be3 Ng4
9.Bg5 f6 10.Bc1 Kh8 11.h3 exd4 12.Nb5 d3 13.Bxd3 Nge5 14.Nbd4 Nxd3 15.Qxd3 Ne5
16.Qe2 Nxf3+ 17.Nxf3 f5 18.exf5 Bxf5 19.Be3 Qd7 20.Nd4 Bxh3 21.gxh3 Qxh3
22.f4 Rae8 23.Rf3 Qh5 24.Rd1 c5 25.Nb5 Rxf4 26.Rdf1 Rg4+  0-1

[Event "FRA-chT"]
[Site "FRA"]
[Date "1991.??.??"]
[Round "?"]
[White "Chabanon, Jean Luc"]
[Black "Etchegaray, Patrice"]
[Result "1-0"]
[WhiteElo "2480"]
[BlackElo "2270"]

1.d4 Nf6 2.c4 g6 3.Nc3 Bg7 4.e4 d6 5.Nf3 O-O 6.Be2 e5 7.O-O Nc6 8.d5 Ne7
9.Nd2 c5 10.Rb1 Ne8 11.b4 b6 12.bxc5 bxc5 13.Nb3 f5 14.Bg5 h6 15.Bd2 Nf6
16.f3 f4 17.Qc1 g5 18.Qa3 Ng6 19.Qa5 Qe7 20.Nb5 Ne8 21.Nxd6 Nxd6 22.Qxc5 g4
23.fxg4 Qf6 24.Bf3 Ba6 25.Rfc1 Rfc8 26.Qf2 Nxc4 27.Bb4 Bf8 28.Nc5 Qb6 29.Nxa6 Qxa6
30.Be2 Qxa2 31.Bxc4 Qxf2+ 32.Kxf2 Bxb4 33.Rxb4 Rc5 34.Ra1 Rac8 35.Bb3 a5
36.Rb6  1-0

[Event "ISL-ch"]
[Site "Gardabaer"]
[Date "1991.??.??"]
[Round "5"]
[White "Thorsteins, Karl"]
[Black "Gretarsson, Helgi Ass"]
[Result "1-0"]
[WhiteElo "2480"]
[BlackElo "2260"]

1.d4 Nf6 2.c4 g6 3.Nc3 Bg7 4.e4 d6 5.Nf3 O-O 6.Be2 e5 7.O-O Nc6 8.Be3 h6
9.d5 Ne7 10.Nd2 Nd7 11.b4 f5 12.f3 Nf6 13.c5 g5 14.Rc1 fxe4 15.fxe4 dxc5
16.Bxc5 Re8 17.Nb5 Ng6 18.d6 cxd6 19.Nxd6 Be6 20.Nxe8 Qxe8 21.Bc4 b6 22.Be3 Rd8
23.Qb3 Bxc4 24.Qxc4+ Kh7 25.Rfd1 Ng4 26.Nf1 Rxd1 27.Rxd1 Qf8 28.Rd7 a5 29.bxa5 bxa5
30.Qf7 Qxf7 31.Rxf7 Kg8 32.Ra7 Bf8 33.Rxa5 Bb4 34.Rb5 Be1 35.h3 Nf6 36.Bd2 Bxd2
37.Nxd2 Nf4  1-0

[Event "Troll Masters"]
[Site "Gausdal"]
[Date "1991.??.??"]
[Round "1"]
[White "Burgess, Graham"]
[Black "Roeder, Mathias"]
[Result "0-1"]
[WhiteElo "2300"]
[BlackElo "2430"]

1.d4 Nf6 2.c4 g6 3.Nc3 Bg7 4.e4 d6 5.Nf3 O-O 6.Be2 e5 7.O-O Nc6 8.d5 Ne7
9.Bd2 Ne8 10.Rc1 f5 11.Ng5 c5 12.dxc6 bxc6 13.f4 exf4 14.c5 h6 15.cxd6 hxg5
16.dxe7 Qxe7 17.exf5 Bxf5 18.Re1 Kh7 19.Bf3 Qc5+ 20.Kh1 Nf6 21.Ne4 Nxe4 22.Bxe4 Qd4
23.Bxc6 Rad8 24.Bc3 Qxd1 25.Rexd1 Rxd1+ 26.Rxd1 Rc8 27.Bxg7 Kxg7 28.Bd7 Rd8
29.Ba4 Rxd1+ 30.Bxd1 Kf6 31.Kg1 Ke5 32.Kf2 Kd4 33.h3 Kd3 34.Ke1 Be4 35.Kf2 Bd5
36.a3 Kd2 37.Bf3 Be6 38.Be4 Kc1 39.Bxg6 Kxb2 40.a4 a5 41.Be8 Ka3 42.g3 fxg3+
43.Kxg3 Kb4 44.Bc6 Bf5 45.Be8 Bc2 46.Kg4 Bxa4 47.Bg6 Bd1+ 48.Kxg5 a4 49.h4 a3
50.Bb1 Kb3 51.Be4 Kb2  0-1

[Event "Arnold Cup"]
[Site "Gausdal"]
[Date "1991.??.??"]
[Round "1"]
[White "Engqvist, Thomas"]
[Black "Pedersen, Svend"]
[Result "1/2-1/2"]
[WhiteElo "2355"]
[BlackElo "2280"]

1.d4 Nf6 2.c4 g6 3.Nc3 Bg7 4.e4 d6 5.Nf3 O-O 6.Be2 e5 7.O-O Nc6 8.Be3 Ng4
9.Bg5 f6 10.Bc1 Kh8 11.h3 Nh6 12.dxe5 dxe5 13.Be3 Be6 14.Qxd8 Raxd8 15.Nb5 Rd7
16.Rfd1 Rfd8 17.Rxd7 Rxd7 18.Nxa7 Nd4 19.Nxd4 exd4 20.Bxh6 Bxh6 21.Bd3 c6
22.Nc8 Bf8 23.Nb6 Rd8 24.Kf1 Bd6 25.Ke2 Re8 26.Kd2 Bc5 27.Na4 Bb4+ 28.Kc2 Ra8
29.b3 Be7 30.Nb2 Bb4 31.a4 Bd6 32.Re1 Re8 33.Kb1 c5 34.Kc2 Kg7 35.Kd1 h5
36.Be2 Bd7 37.Bf3 h4 38.Kc2 Bc6 39.e5 fxe5 40.Bxc6 bxc6 41.Re4 g5 42.f3 Kf6
43.Nd3 Kf5 44.Nf2 Rb8 45.Re1 Bc7 46.Nd3 Bd6 47.Ra1 Ra8 48.Re1 Re8 49.Ra1 Ra8
50.Kd1 Ra6 51.Ke2 Rb6 52.b4 Ra6 53.bxc5 Bf8 54.a5 e4 55.fxe4+ Kxe4 56.Ra3 Be7
57.Ra1 Bd8 58.Nb4 d3+ 59.Kd1 Ra8 60.Ra3 Bxa5 61.Nxc6 Rf8 62.Nxa5 Rf1+ 63.Kd2 Rf2+
64.Ke1 Rxg2 65.c6 Ke3 66.Kf1 Rf2+ 67.Kg1 Rc2 68.Ra1 d2 69.Nb3 Rxc4 70.Rd1 Rxc6
71.Rxd2 Rc3 72.Rb2 g4 73.hxg4 Kf4 74.Nd4 Kxg4 75.Rb7 Rc4 76.Rg7+ Kh3 77.Rd7 Kg4
78.Kg2 Ra4 79.Rg7+ Kh5 80.Rh7+ Kg4 81.Ne2 Ra2 82.Rg7+ Kf5 83.Kf3 Ra3+ 84.Kf2 Ra2
85.Rc7 Kg4 86.Rc4+ Kg5 87.Kf3 h3 88.Rg4+ Kf6 89.Kf2 Ra3 90.Kg1 Kf5 91.Rf4+ Kg5
92.Kh2 Ra2 93.Re4 Kf5 94.Re3 Kg4 95.Rg3+  1/2-1/2

[Event "Troll Masters"]
[Site "Gausdal"]
[Date "1991.??.??"]
[Round "1"]
[White "Djurhuus, Rune"]
[Black "Watson, William N"]
[Result "1-0"]
[WhiteElo "2400"]
[BlackElo "2505"]

1.Nf3 Nf6 2.c4 g6 3.Nc3 Bg7 4.e4 d6 5.d4 O-O 6.Be2 e5 7.O-O Nc6 8.Be3 Ng4
9.Bg5 f6 10.Bc1 Kh8 11.d5 Ne7 12.Nd2 Nh6 13.b4 f5 14.c5 Neg8 15.Nc4 f4 16.a4 Nf6
17.f3 g5 18.h3 Nf7 19.Ba3 Rg8 20.b5 dxc5 21.Bxc5 Bf8 22.Bxf8 Qxf8 23.d6 cxd6
24.Nd5 Nxd5 25.Qxd5 Qe7 26.Na5 Qc7 27.Rac1 Qe7 28.Bc4 Rg7 29.Rfd1 h5 30.Qd3 Be6
31.Bxe6 Qxe6 32.Nxb7 g4 33.fxg4 hxg4 34.Nxd6 gxh3 35.Nxf7+ Kg8 36.Rc2 Qxf7
37.Qxh3 Rg3 38.Rc8+ Kg7 39.Qh8+ Kg6 40.Rd6+ Kg5 41.Qh6+ Kg4 42.Rg6+  1-0

[Event "Arnold Cup"]
[Site "Gausdal"]
[Date "1991.??.??"]
[Round "2"]
[White "Law, Andrew P"]
[Black "Nielsen, Peter Heine"]
[Result "0-1"]
[WhiteElo "2340"]
[BlackElo "2365"]

1.d4 Nf6 2.c4 g6 3.Nc3 Bg7 4.e4 d6 5.Nf3 O-O 6.Be2 e5 7.O-O Nc6 8.d5 Ne7
9.b4 Nh5 10.c5 h6 11.Nd2 Nf4 12.Nc4 f5 13.f3 g5 14.cxd6 cxd6 15.Nb5 Rf6 16.Be3 b6
17.Rc1 Ba6 18.a4 Bxb5 19.axb5 Qd7 20.Nd2 Raf8 21.Re1 Rg6 22.Nf1 h5 23.Ng3 Nxe2+
24.Nxe2 f4 25.Bf2 g4 26.Qd3 Bf6 27.Kh1 Kh8 28.g3 fxg3 29.hxg3 Bg7 30.f4 exf4
31.Nxf4 Rxf4 32.gxf4 g3 33.f5 gxf2 34.Rf1 Rg4 35.Rxf2 Ng8 36.Rh2 Nf6 37.Qf3 Qe8
38.Re1 Kg8 39.Rg2 Qe5 40.Rxg4 Nxg4 41.Re2 Qa1+ 42.Kg2 Bd4 43.Kh3 Kf7 44.Kh4 Bf6+
45.Kxh5 Ne5 46.Qg2 Qd1 47.Kh6 Qc1+ 48.Kh7 Qc8  0-1

[Event "Arnold Cup"]
[Site "Gausdal"]
[Date "1991.??.??"]
[Round "2"]
[White "Ostenstad, Berge"]
[Black "Stefansson, Hannes"]
[Result "1/2-1/2"]
[WhiteElo "2500"]
[BlackElo "2450"]

1.Nf3 Nf6 2.c4 g6 3.Nc3 Bg7 4.e4 d6 5.d4 O-O 6.Be2 e5 7.O-O Nc6 8.d5 Ne7
9.Nd2 a5 10.Rb1 Bd7 11.b3 Ne8 12.a3 c5 13.b4 axb4 14.axb4 b6 15.bxc5 bxc5
16.Nb3 f5 17.f3 Nf6 18.Bd2 f4 19.Ra1 Rxa1 20.Qxa1 g5 21.Qa6 Nc8 22.Na5 g4
23.Nc6 Qe8 24.Nb8 gxf3 25.Bxf3 Bg4 26.Nc6 Kh8 27.Be1 Rg8 28.Qa2 Bxf3 29.gxf3 Qh5
30.Kh1 h6 31.Qf2 Nh7 32.Qh4 Qg6 33.Qh3 Bf6 34.Nb5 Ng5 35.Qg4 h5 36.Qg2 Qh7
37.Rg1 Rg7 38.Qe2 Qg8 39.h4 Nh7 40.Rxg7 Qxg7 41.Kh2 Nf8 42.Qf1 Qd7 43.Qh3 Qxh3+
44.Kxh3 Ng6 45.Nca7 Nxa7 46.Nxa7 Bd8 47.Nb5 Be7 48.Kg2 Kg8 49.Ba5 Nh8 50.Be1  1/2-1/2

[Event "Peer Gynt"]
[Site "Gausdal"]
[Date "1991.??.??"]
[Round "3"]
[White "Djurhuus, Rune"]
[Black "Lanka, Zigurds"]
[Result "1-0"]
[WhiteElo "2410"]
[BlackElo "2505"]

1.d4 Nf6 2.c4 g6 3.Nc3 Bg7 4.e4 d6 5.Be2 O-O 6.Nf3 e5 7.O-O Nc6 8.Be3 Ng4
9.Bg5 f6 10.Bc1 Kh8 11.d5 Ne7 12.Nd2 h5 13.b4 Nh6 14.c5 f5 15.cxd6 cxd6 16.exf5 Nexf5
17.Nce4 Nd4 18.Nc4 Nxe2+ 19.Qxe2 Nf5 20.Bg5 Qd7 21.a4 b6 22.b5 Bb7 23.Qd3 Nd4
24.Ne3 Rf7 25.Qa3 Bf8 26.Kh1 Rc8 27.Rac1 Kg7 28.f3 Nf5 29.Qd3 Nxe3 30.Bxe3 Be7
31.Rxc8 Qxc8 32.Rc1 Qa8 33.Rc6 Qd8 34.Rc4 Qa8 35.Nc3 Bf6 36.h3 Qd8 37.Ne4 Be7
38.Bc1 Bc8 39.g4 hxg4 40.hxg4 Bb7 41.Kg2 Qa8 42.Nc3 Qd8 43.Ba3 Rf8 44.Ne4 Qd7
45.Rc1 Rc8 46.Rh1 Rh8 47.Rc1 Rc8 48.Rh1 Rh8 49.Rxh8 Kxh8 50.Nc3 Kg7 51.Na2 Bg5
52.Nb4 Bf4 53.Nc6 Ba8 54.Qc3 Kg8 55.Qe1 Qf7 56.Bxd6 Bxc6 57.dxc6 Qa2+ 58.Qf2 Qxa4
59.Qe2 Qb3 60.Bb8 Kh7 61.Bxa7 e4 62.Bxb6 exf3+ 63.Qxf3 Qxb5 64.Bd4 Qg5 65.c7  1-0

[Event "Arnold Cup"]
[Site "Gausdal"]
[Date "1991.??.??"]
[Round "3"]
[White "Bern, Ivar"]
[Black "Sowray, Peter J"]
[Result "1-0"]
[WhiteElo "2375"]
[BlackElo "2330"]

1.d4 Nf6 2.c4 g6 3.Nc3 Bg7 4.e4 d6 5.Nf3 O-O 6.Be2 e5 7.O-O Nc6 8.Be3 Ng4
9.Bg5 f6 10.Bc1 Kh8 11.h3 exd4 12.Nxd4 Nxd4 13.Qxd4 f5 14.Qd1 Ne5 15.exf5 Bxf5
16.Nd5 Qd7 17.a4 Rae8 18.Ra3 c6 19.Ne3 Be6 20.f4 Nf7 21.b4 Qe7 22.Qd2 Nh6
23.g4 Ng8 24.Bb2 Nf6 25.Bf3 Qf7 26.g5 Nd7 27.Bg4 Bxg4 28.hxg4 Re4 29.Rd3 Nb6
30.Bxg7+ Qxg7 31.a5 Nxc4 32.Nxc4 Rxc4 33.Rxd6 Qc3 34.Qxc3+ Rxc3 35.Kg2 Rc4
36.Kg3 Rf7 37.f5 gxf5 38.gxf5 Rg7 39.g6 Rxb4 40.Rh1 Rb3+ 41.Kg4  1-0

[Event "Arnold Cup"]
[Site "Gausdal"]
[Date "1991.??.??"]
[Round "3"]
[White "Engqvist, Thomas"]
[Black "Antonsen, Mikkel"]
[Result "1-0"]
[WhiteElo "2355"]
[BlackElo "2310"]

1.d4 Nf6 2.c4 g6 3.Nc3 Bg7 4.e4 d6 5.Be2 O-O 6.Nf3 e5 7.O-O Nc6 8.Be3 Ng4
9.Bg5 f6 10.Bc1 exd4 11.Nxd4 Nxd4 12.Qxd4 Be6 13.Bxg4 f5 14.Qd3 fxg4 15.Be3 Be5
16.Bd4 Qg5 17.Ne2 Rae8 18.Rad1 h5 19.b3 Kh7 20.Rfe1 Rf7 21.Bxe5 dxe5 22.Qd2 Qe7
23.Nc3 Ref8 24.Re2 h4 25.Nd5 Bxd5 26.exd5 h3 27.g3 Rf3 28.b4 Qf6 29.c5 e4
30.Qd4 Qxd4 31.Rxd4 e3 32.d6 cxd6 33.cxd6 exf2+ 34.Kf1 Rxg3 35.Rxf2 Rxf2+
36.Kxf2 Rf3+ 37.Ke2 Rf8 38.Rxg4 Kg7 39.Rc4 Kf6 40.Rc7 Ke6 41.Rxb7 Kxd6 42.Rxa7 Kd5
43.a3 Kc4 44.Rh7  1-0

[Event "Arnold Cup"]
[Site "Gausdal"]
[Date "1991.??.??"]
[Round "5"]
[White "Stefansson, Hannes"]
[Black "Ioseliani, Nana"]
[Result "1-0"]
[WhiteElo "2450"]
[BlackElo "2470"]

1.c4 g6 2.d4 d6 3.Nc3 Bg7 4.Nf3 Nf6 5.e4 O-O 6.Be2 e5 7.O-O Nc6 8.d5 Ne7
9.Nd2 c6 10.b4 a5 11.bxa5 Qxa5 12.Bb2 c5 13.Nb5 Qd8 14.Qc2 Ra6 15.Bc3 Nd7
16.Qb2 Nb6 17.Bd1 f5 18.a4 Bh6 19.a5 Nd7 20.Re1 Nf6 21.f3 Bg7 22.f4 exf4
23.e5 dxe5 24.Bxe5 g5 25.Nb3 Rf7 26.Nxc5 Rxa5 27.Rxa5 Qxa5 28.Bc3 Qb6 29.Bd4 Ng4
30.d6 Qa5 31.Nd3 Bxd4+ 32.Qxd4 Ne3 33.dxe7 Rxe7 34.Nc3 Rd7 35.Nd5 Qd2 36.Bf3 Nc2
37.Re8+  1-0

[Event "Troll Masters"]
[Site "Gausdal"]
[Date "1991.??.??"]
[Round "5"]
[White "Ostenstad, Berge"]
[Black "Hoi, Carsten"]
[Result "1/2-1/2"]
[WhiteElo "2500"]
[BlackElo "2405"]

1.d4 g6 2.c4 Bg7 3.Nc3 Nf6 4.e4 d6 5.Nf3 O-O 6.Be2 e5 7.O-O Nc6 8.d5 Ne7
9.Nd2 a5 10.Rb1 Nd7 11.a3 f5 12.b4 axb4 13.axb4 h6 14.Bb2 Nf6 15.f3 g5 16.c5 Ng6
17.Nc4 Rf7 18.Qc2 Nf4 19.Ra1 Rb8 20.Nb5 Bf8 21.g3 Nxe2+ 22.Qxe2 Bd7 23.Nc3 f4
24.g4 h5 25.h3 Rh7 26.Rf2 Be7 27.b5 b6 28.c6 Bc8 29.Ra7 Bf8 30.Na2 Qe8 31.Rh2 Qg6
32.Nb4 hxg4 33.hxg4 Rxh2 34.Qxh2 Bxg4 35.fxg4 Qxe4 36.Qc2 Qe1+ 37.Kg2 e4
38.Qf2 f3+ 39.Kg3 Qh1 40.Qh2 Qe1+ 41.Qf2 Qh1 42.Qh2 Qe1+ 43.Qf2 Qh1  1/2-1/2

[Event "Troll Masters"]
[Site "Gausdal"]
[Date "1991.??.??"]
[Round "5"]
[White "Bern, Ivar"]
[Black "Watson, William N"]
[Result "0-1"]
[WhiteElo "2375"]
[BlackElo "2505"]

1.d4 Nf6 2.c4 g6 3.Nc3 Bg7 4.e4 d6 5.Be2 O-O 6.Nf3 e5 7.O-O Nc6 8.d5 Ne7
9.Bg5 Nh5 10.g3 h6 11.Bd2 Bh3 12.Re1 f5 13.Nh4 Nf6 14.exf5 g5 15.Ng6 Nxg6
16.fxg6 Bf5 17.Be3 Qe8 18.c5 a6 19.Rc1 Qxg6 20.cxd6 cxd6 21.g4 Bd7 22.Na4 Bb5
23.Nb6 Rae8 24.Nc4 Nd7 25.a4 Bxc4 26.Rxc4 e4 27.Rc7 Ne5 28.Rxb7 h5 29.gxh5 Qf5
30.Kh1 Nd3 31.Rg1 Qxd5 32.Qb3 Nxf2+ 33.Bxf2 Qxb3 34.Rxb3 Rxf2 35.Rxg5 Rc8
36.Rg1 Kh8 37.Bxa6 Rcc2 38.Rh3 Be5 39.Rb1 Bxb2 40.a5 Bc3 41.Bb7 e3 42.a6 e2
43.Bg2 Rd2  0-1

[Event "Troll Masters"]
[Site "Gausdal"]
[Date "1991.??.??"]
[Round "7"]
[White "Stone, Raymond"]
[Black "Roeder, Mathias"]
[Result "1/2-1/2"]
[WhiteElo "2325"]
[BlackElo "2430"]

1.d4 Nf6 2.c4 g6 3.Nc3 Bg7 4.e4 d6 5.Nf3 O-O 6.Be2 e5 7.O-O Nc6 8.d5 Ne7
9.Ne1 Nd7 10.Nd3 f5 11.Bd2 Nf6 12.f3 f4 13.c5 g5 14.cxd6 cxd6 15.Nf2 h5 16.h3 Kh8
17.Qc2 Neg8 18.Nb5 Ne8 19.a4 Nh6 20.Rfc1 Bd7 21.Ra3 Rf7 22.Rc3 Bf6 23.b4 Qb8
24.Na3 Bd8 25.Bb5 Nf6 26.a5 Kg7 27.Bxd7 Rxd7 28.Rc8 Qxc8 29.Qxc8 Rxc8 30.Rxc8 a6
31.b5 Nf7 32.Ra8 g4 33.hxg4 hxg4 34.Nd3 Ng5 35.Kf2 gxf3 36.gxf3 Ngxe4+  1/2-1/2

[Event "Gausdal Int"]
[Site "Gausdal"]
[Date "1991.??.??"]
[Round "7"]
[White "Steingrimsson, Hedinn"]
[Black "Dannevig, Oystein"]
[Result "1-0"]
[WhiteElo "2505"]
[BlackElo "2270"]

1.Nf3 Nf6 2.c4 g6 3.Nc3 Bg7 4.e4 d6 5.d4 O-O 6.Be2 e5 7.O-O Nc6 8.d5 Ne7
9.Ne1 Nd7 10.Nd3 f5 11.Bd2 Nf6 12.f3 f4 13.g4 h5 14.g5 Nh7 15.h4 Nxg5 16.hxg5 Nf5
17.Rf2 Qxg5+ 18.Rg2 Ng3 19.Nf2 Qf6 20.Bd3 g5 21.Be1 g4 22.fxg4 hxg4 23.Rxg3 fxg3
24.Nh1 g2 25.Kxg2 Qh6 26.Bf2 Rf3 27.Be2 Rf4 28.Qd3 Bd7 29.Qg3 Raf8 30.Be3 Bf6
31.Qh2 Bh4 32.Ng3 Qf6 33.Nf5 g3 34.Qh3 Bxf5 35.exf5 Rxf5 36.Ne4 Qe7 37.Qg4+ Kh8
38.Rh1 Rf4 39.Bxf4 Rxf4 40.Qg6 Qf8 41.Nf6 Rf2+ 42.Kg1 Qxf6 43.Qxf6+  1-0

[Event "GER-ch U20"]
[Site "GER"]
[Date "1991.??.??"]
[Round "?"]
[White "Koch, Thomas"]
[Black "Wagner, Anselm"]
[Result "1/2-1/2"]
[WhiteElo "2335"]
[BlackElo "2235"]

1.d4 Nf6 2.c4 g6 3.Nc3 Bg7 4.e4 d6 5.Be2 O-O 6.Nf3 e5 7.O-O Nc6 8.Be3 Re8
9.dxe5 dxe5 10.c5 h6 11.h3 Nd4 12.Nxd4 exd4 13.Bxd4 Nxe4 14.Bxg7 Qxd1 15.Rfxd1 Kxg7
16.Nd5 Rb8 17.Nxc7 Re5 18.Rd8 Nf6 19.Bg4 Rxc5 20.Ne8+ Nxe8 21.Rxe8 h5 22.Bd7 b6
23.Rd1 Ra8 24.Ba4 Bb7 25.Re7 Bc6 26.Bb3 Rf5 27.Rc7 Be8 28.Rd6 h4 29.Bc2 Rf6
30.Rd4 Bc6 31.Rc4 Bd5 32.Ra4 Re8 33.Kf1 b5 34.Rd4 Bc4+ 35.Bd3 Rfe6 36.g4 hxg3
37.Bxc4 bxc4 38.Rdxc4 Rf6 39.Rc2 Re1+ 40.Kg2 gxf2 41.Rxf2 Rb1  1/2-1/2

[Event "BL qual"]
[Site "Germany"]
[Date "1991.??.??"]
[Round "?"]
[White "Schirm, Friedmar"]
[Black "Schmid, Guenter"]
[Result "1/2-1/2"]
[WhiteElo "2275"]
[BlackElo "2310"]

1.Nf3 Nf6 2.c4 g6 3.Nc3 Bg7 4.e4 d6 5.d4 O-O 6.Be2 e5 7.O-O Nc6 8.d5 Ne7
9.b4 Nh5 10.c5 a5 11.cxd6 cxd6 12.Nb5 Nf4 13.Bxf4 exf4 14.Rc1 axb4 15.Qb3 Bg4
16.Rc7 Nc8 17.Nfd4 Bxe2 18.Nxe2 f3 19.gxf3 Na7 20.Rxb7 Nxb5 21.Rxb5 Qg5+
22.Kh1 Ra3 23.Qxb4 Rxa2 24.Ng3 Qf4 25.Kg2 Be5 26.Qb1 Ra3 27.Rb3 Rfa8 28.Qd3 Rxb3
29.Qxb3 h5 30.Qe3 Qh4 31.Rb1 Bf4 32.Qc3 Qg5 33.Qc6 Rf8 34.Kh1 h4 35.Ne2 Be5
36.Qc1 Qh5 37.Qe3 Ra8 38.f4 Ra2 39.Ng1 Bg7 40.Rc1 Qg4 41.h3 Qd7 42.Kg2 Bb2
43.Rc6 Qe7 44.Rc8+ Kg7 45.Nf3 Ra3 46.Qb6 Bf6 47.Qb4 Rxf3 48.Kxf3 Qd7 49.Rb8 Qxh3+
50.Ke2 Qg4+ 51.Ke3 Qd1 52.e5 dxe5 53.Qf8+ Kh7 54.Qxf7+ Bg7 55.fxe5 Qe1+ 56.Kf3 Qh1+
57.Ke3 Qe1+ 58.Kf3 Qh1+ 59.Ke3 Qe1+  1/2-1/2

[Event "BL qual"]
[Site "Germany"]
[Date "1991.??.??"]
[Round "?"]
[White "Schirm, Friedmar"]
[Black "Rechel, Bernd"]
[Result "0-1"]
[WhiteElo "2275"]
[BlackElo "2350"]

1.Nf3 Nf6 2.c4 g6 3.Nc3 Bg7 4.e4 O-O 5.d4 d6 6.Be2 e5 7.O-O Nc6 8.d5 Ne7
9.b4 Nh5 10.c5 f5 11.Ng5 Nf4 12.Bc4 fxe4 13.Be3 Nf5 14.Ne6 Bxe6 15.dxe6 Kh8
16.Nxe4 Nd4 17.cxd6 cxd6 18.Bxf4 exf4 19.Bd5 Qe7 20.Rc1 f3 21.Ng3 fxg2 22.Re1 Qf6
23.Kxg2 Rae8 24.Rc7 Nxe6 25.Bxe6 Rxe6 26.Rxe6 Qxe6 27.Rxb7 Qxa2 28.Qe2 Qd5+
29.Qe4 Qd2 30.Qe3 Qb2 31.Qe2 Qc3 32.b5 d5 33.Rxa7 Bd4 34.Qe7 Rxf2+ 35.Kh3 Bxa7
36.Qxa7 Qc8+  0-1

[Event "BL2-SW qual"]
[Site "Germany"]
[Date "1991.??.??"]
[Round "?"]
[White "Schaufelberger, Heinz"]
[Black "Winterstein, Wolfgang"]
[Result "0-1"]
[WhiteElo "2325"]
[BlackElo "2280"]

1.d4 Nf6 2.c4 g6 3.Nc3 Bg7 4.e4 d6 5.Nf3 O-O 6.Be2 e5 7.O-O Nc6 8.d5 Ne7
9.Nd2 c5 10.dxc6 bxc6 11.b4 d5 12.Bb2 Rb8 13.a3 a5 14.cxd5 cxd5 15.Nxd5 Nfxd5
16.exd5 Nxd5 17.b5 Nf4 18.a4 Bb7 19.f3 Qg5 20.g3 Rfd8 21.Bc3 e4 22.Bxa5 Bxa1  0-1

[Event "BL2-N9091"]
[Site "Germany"]
[Date "1991.??.??"]
[Round "?"]
[White "Schirm, Friedmar"]
[Black "Volke, Karsten"]
[Result "1/2-1/2"]
[WhiteElo "2275"]
[BlackElo "2395"]

1.Nf3 Nf6 2.c4 g6 3.Nc3 Bg7 4.e4 d6 5.d4 O-O 6.Be2 e5 7.O-O Nc6 8.d5 Ne7
9.b4 Nh5 10.c5 Nf4 11.Bxf4 exf4 12.Rc1 h6 13.Nd4 g5 14.Bh5 Kh8 15.h3 a5 16.cxd6 cxd6
17.Ncb5 axb4 18.Qb3 Ng8 19.Bg4 Qb6 20.Rc4 Nf6 21.Bxc8 Rfxc8 22.Rxb4 Nxe4
23.Nf3 Nc5 24.Qb1 Re8 25.Nbd4 Qa6 26.Nf5 Qxa2 27.Nxd6 Qxb1 28.Rfxb1 Re7 29.Rb5 Rd7
30.Rxc5 Rxd6 31.Rxb7 f5 32.Rcc7 Bf6 33.Rh7+ Kg8 34.Rxh6 Kf8 35.Nxg5 Ra1+
36.Kh2 Be5 37.Rxd6 f3+ 38.g3 Bxd6 39.Nxf3 Rd1 40.Rb5 Kf7 41.Kg2 Kf6 42.Ra5 Rc1
43.Rb5 Rc2 44.Nh4 Bc5 45.Rb3 Rxf2+ 46.Kh1 Rf1+ 47.Kg2 Rf2+ 48.Kh1 Rf1+ 49.Kh2 Rf2+
50.Ng2 Rd2 51.h4 Rxd5 52.Rf3 Bd6 53.Ne3 Rc5 54.Kh3 Kg6 55.h5+ Kxh5 56.Nxf5 Bxg3
57.Nxg3+ Kg6 58.Rf4 Rg5 59.Kh4 Ra5 60.Ne4 Ra6 61.Kg4 Re6 62.Ng3 Re1  1/2-1/2

[Event "BL2-S9091"]
[Site "Germany"]
[Date "1991.??.??"]
[Round "?"]
[White "Hoensch, Matthias"]
[Black "Klundt, Klaus"]
[Result "0-1"]
[WhiteElo "2325"]
[BlackElo "2405"]

1.Nf3 Nf6 2.c4 g6 3.Nc3 Bg7 4.e4 d6 5.d4 O-O 6.Be2 e5 7.O-O Nc6 8.d5 Ne7
9.Ne1 Nd7 10.Be3 f5 11.f3 f4 12.Bf2 g5 13.Rc1 Rf6 14.Nd3 Rh6 15.c5 Qe8 16.g4 fxg3
17.Bxg3 Nf6 18.cxd6 cxd6 19.Kf2 Ng6 20.Ke3 Nf4 21.Kd2 N6h5 22.Kc2 Bd7 23.Kb1 Rc8
24.Bf2 Nxe2 25.Qxe2 Nf4 26.Nxf4 exf4 27.Bxa7 Rh3 28.Bg1 g4 29.fxg4 Rhxc3
30.bxc3 Bb5 31.Qb2 Qxe4+  0-1

[Event "BL2-S9091"]
[Site "Germany"]
[Date "1991.??.??"]
[Round "?"]
[White "Trettin, Ulrich"]
[Black "Speckner, Roland"]
[Result "1-0"]
[WhiteElo "2275"]
[BlackElo "2225"]

1.d4 Nf6 2.c4 g6 3.Nc3 Bg7 4.e4 d6 5.Nf3 O-O 6.Be2 e5 7.O-O Nc6 8.d5 Ne7
9.Ne1 Nd7 10.Nd3 f5 11.Bd2 Nf6 12.f3 h5 13.c5 f4 14.cxd6 cxd6 15.Nf2 g5 16.h3 Ng6
17.Qc2 Rf7 18.Rfc1 g4 19.fxg4 hxg4 20.hxg4 Ne8 21.a4 Bf6 22.Ra3 Bh4 23.Ncd1 Bg3
24.Rc3 Bd7 25.Qb3 Rb8 26.Nh3 Qh4 27.Ndf2 Rh7 28.Nh1 Bxg4 29.Rxg3 Bxe2 30.Rxg6+ Kf7
31.Be1 Qd8 32.Rg5 Rh5 33.Rxh5 Bxh5 34.N1f2 Bg6 35.g3 Qf6 36.gxf4 Qh4 37.fxe5 Bh5
38.e6+ Kg8 39.Qe3  1-0

[Event "BL2-SW9091"]
[Site "Germany"]
[Date "1991.??.??"]
[Round "?"]
[White "Bode, Ulf"]
[Black "Rechel, Bernd"]
[Result "0-1"]
[WhiteElo "2250"]
[BlackElo "2350"]

1.d4 Nf6 2.c4 g6 3.Nc3 Bg7 4.e4 d6 5.Be2 O-O 6.Nf3 e5 7.O-O Nc6 8.d5 Ne7
9.b4 Nh5 10.c5 h6 11.a4 f5 12.Nd2 Nf4 13.f3 g5 14.Nc4 Nxe2+ 15.Qxe2 f4 16.Ba3 h5
17.b5 Rf6 18.b6 axb6 19.cxd6 cxd6 20.Rab1 Ra6 21.Nb5 g4 22.Bxd6 gxf3 23.gxf3 Bh3
24.Rf2 Ng6 25.Kh1 Rf7 26.Rg1 Kh7 27.Qc2 Bf6 28.Rd2 Nh4 29.Qb3 Qh8 30.Bxe5 Bxe5
31.Rg5 Qf6 32.Rxh5+ Kg6 33.Rxe5 Kh6 34.Nbd6 Rg7 35.Nf5+ Nxf5 36.exf5 b5 37.Qxb5 Qg5
38.Qc5 Rxa4 39.Re6+ Kh5 40.Nb2 Ra1+  0-1

[Event "Niedersachsen-Hessen"]
[Site "Germany"]
[Date "1991.??.??"]
[Round "?"]
[White "Lingnau, Carsten"]
[Black "Rechel, Bernd"]
[Result "1-0"]
[WhiteElo "2225"]
[BlackElo "2350"]

1.d4 Nf6 2.c4 g6 3.Nc3 Bg7 4.e4 O-O 5.Nf3 d6 6.Be2 e5 7.O-O Nc6 8.d5 Ne7
9.Ne1 Nd7 10.Nd3 f5 11.Bd2 Kh8 12.Rc1 c5 13.Rb1 Ng8 14.b4 cxb4 15.Rxb4 b6
16.Qc1 Nc5 17.Nxc5 bxc5 18.Rb1 Nf6 19.f3 f4 20.Bd1 g5 21.Ba4 a6 22.Qe1 g4
23.Qh4 gxf3 24.gxf3 Qe7 25.Be1 Qf7 26.Rb6 Nh5 27.Rxd6 Bf6 28.Rxf6 Nxf6 29.Kh1 Rg8
30.Ne2 Nxe4 31.Bc2 Bf5 32.Bxe4 Bxe4 33.fxe4 Qg6 34.Qf2 Qxe4+ 35.Qf3 Qxc4
36.Bc3 Rg5 37.Rc1 Qxa2 38.Nxf4 Kg8 39.Ne6 e4 40.Qxe4 Re8 41.Rg1  1-0

[Event "BL2-W9091"]
[Site "Germany"]
[Date "1991.??.??"]
[Round "?"]
[White "Dresen, Ulrich"]
[Black "Bluhm, Grischa"]
[Result "1/2-1/2"]
[WhiteElo "2290"]
[BlackElo "2335"]

1.d4 Nf6 2.Nf3 g6 3.c4 Bg7 4.Nc3 O-O 5.e4 d6 6.Be2 e5 7.O-O Nc6 8.d5 Ne7
9.Ne1 Nd7 10.Nd3 f5 11.Bd2 Nf6 12.f3 f4 13.g4 g5 14.h3 h5 15.c5 c6  1/2-1/2

[Event "Regionalliga NordS"]
[Site "Germany"]
[Date "1991.??.??"]
[Round "?"]
[White "Kottke, Uwe"]
[Black "Juhnke, Karl"]
[Result "0-1"]
[WhiteElo "2305"]
[BlackElo "2305"]

1.d4 Nf6 2.c4 g6 3.Nf3 Bg7 4.Nc3 d6 5.e4 O-O 6.Be2 e5 7.O-O Nc6 8.d5 Ne7
9.b4 Nh5 10.c5 h6 11.Nd2 Nf4 12.Nc4 f5 13.f3 Bd7 14.a4 Nc8 15.Kh1 Kh7 16.Ba3 Rf7
17.b5 Be8 18.Na2 dxc5 19.Bxc5 Nd6 20.Nc3 Qf6 21.Rc1 Bf8 22.Be3 Nxe2 23.Qxe2 f4
24.Bf2 g5 25.Rfd1 Nxc4 26.Qxc4 Bd6 27.Rd3 h5 28.Kg1 Bd7 29.Nb1 b6 30.Nd2 Rg8
31.h3 g4 32.hxg4 hxg4 33.Kf1 Qh6 34.Qc2 Qh1+ 35.Ke2 Qh2 36.Rg1  0-1

[Event "Regionalliga NordS"]
[Site "Germany"]
[Date "1991.??.??"]
[Round "?"]
[White "Hoerstmann, Rudi"]
[Black "Hertel, Peter"]
[Result "1-0"]
[WhiteElo "2265"]
[BlackElo "2230"]

1.d4 Nf6 2.c4 g6 3.Nc3 Bg7 4.e4 d6 5.Nf3 O-O 6.Be2 e5 7.O-O Nc6 8.d5 Ne7
9.Ne1 Nd7 10.Nd3 f5 11.Bd2 Kh8 12.Rc1 c5 13.Rb1 b6 14.b4 Ng8 15.Qa4 cxb4
16.Qxb4 Nc5 17.Nxc5 dxc5 18.Qb3 f4 19.f3 g5 20.Nd1 h5 21.Nf2 Nh6 22.h3 Rf6
23.Rfd1 Qd6 24.Be1 Rg6 25.Rd2 Bd7 26.Rdb2 Qc7 27.Qd1 Rd8 28.Bc3 Bc8 29.Rd2 Rdd6
30.Rdb2 Qe7 31.Rd2 Bd7 32.Rdb2 Kg8 33.Rd2 g4 34.fxg4 hxg4 35.hxg4 Qh4 36.Rbb2 Nxg4
37.Bxg4 Bxg4 38.Nxg4 Rxg4 39.Rf2 Rh6 40.Kf1 Qg3 41.Qd2 Rgh4 42.Ke2 Rh1 43.Qd3 R6h2
44.Qf3 Rg1 45.d6 Rhxg2 46.Qxg3 fxg3 47.Rxg2 Rxg2+ 48.Kf3 Rxb2 49.Bxb2 Kf7
50.Kxg3 Ke6 51.Kg4 Kxd6 52.Kf5 b5 53.cxb5 c4 54.a4 Kc5 55.Bc3 Kb6 56.Kg6 Bh8
57.Kf7 Kc5 58.Ke6 Bg7 59.Kf7 Bh8 60.Kg6 Kb6 61.Bd2 a6 62.bxa6 Kxa6 63.Bg5  1-0